000 00274nam a2200133Ia 4500
100 _aJaico
942 _cRB
654 _adictionary
245 _aDictionary of Computers
260 _bJaico Pub
_aBombay
_c1991
082 _a4.03
_bPAN
300 _a354
546 _aENGLISH
999 _c20431
_d20431